[Event "Prague Festival Open 2019"]
[Site "Prague"]
[Date "2019.03.15"]
[Round "8.2"]
[White "Sedlak, Nikola"]
[Black "Cernousek, Lukas"]
[Result "1/2-1/2"]
[WhiteElo "2605"]
[BlackElo "2429"]
[Annotator "TA"]
[PlyCount "111"]
[EventDate "2019.02.28"]
[EventType "tourn"]
[EventCountry "CZE"]
[SourceTitle "playchess.com"]
[Source "ChessBase"]
[SourceQuality "1"]

{[%evp 9,111,-16,-25,-34,-29,-25,-27,-21,-21,-27,-24,-43,-52,-41,-20,-16,0,0,0,-17,0,-45,-40,-45,-20,-15,-14,-13,-16,-17,-15,-15,-9,-14,-18,-16,-17,-27,-29,-18,-5,-55,-55,-60,-56,-52,-53,-58,-57,-58,-55,-89,-89,-89,-89,-89,-89,-89,-82,-82,-82,-82,-82,-82,-82,-82,-78,-78,-62,-82,-82,-82,-82,-82,-62,-62,-8,-8,-8,-62,-62,-62,-62,-62,-62,-62,-8,-8,-8,-62,-8,-8,-8,-8,-8,-8,0,0,0,0,0,-8,-8,-8]} 1. d4 d5 2. Nf3 Nf6 3. c3 c5 4. dxc5 e6 5. b4 a5 6. e3 {D02: 1 d4 d5 2 Nf3 sidelines, including 2...Nf6 3 g3 and 2...Nf6 3 Bf4} axb4 7. cxb4 b6 $1 8. Bb5+ {Black has an edge.} (8. a4 bxc5 9. b5 c4 10. Be2 Nbd7 11. O-O Bb4 12. Bd2 Qa5 {0-1 (33) So,W (2815)-Carlsen,M (2832) chess.com INT 2017}) 8... Bd7 9. Bxd7+ Nbxd7 10. a4 bxc5 11. b5 Bd6 (11... g5 $5) 12. O-O O-O 13. Nbd2 $146 ({Predecessor:} 13. Bb2) 13... Qb8 14. Bb2 Rc8 15. Bxf6 Nxf6 16. h3 e5 17. e4 $1 c4 {[%cal Bc5c4,Bc4c3][%mdl 32]} ({Reject} 17... Nxe4 18. Nxe4 dxe4 19. Ng5 $14) ({But not} 17... dxe4 18. Ng5 $14) 18. exd5 c3 19. Nb3 Rc4 20. Qc2 $1 Rcxa4 21. Rxa4 Rxa4 22. Qxc3 Nxd5 23. Qc2 Rb4 24. Rd1 Rxb5 25. Qc6 Rxb3 26. Qxd5 Rb1 27. Rxb1 Qxb1+ 28. Kh2 Qb4 {[#] ...e4+ is the strong threat.} 29. g3 {Hoping for Ng5.} Qc5 30. Qxc5 Bxc5 31. Nxe5 Bxf2 $15 {[%mdl 4096] Endgame KB-KN} 32. Kg2 Ba7 33. g4 f6 34. Nc6 Bc5 35. Nd8 Bb6 36. Nc6 Kf7 37. Nb4 Kg6 38. Nd5 Bc5 39. Nf4+ Kf7 40. Kf3 Bd6 41. Nd5 Kg6 42. Ne3 h5 (42... Bc5 $15 43. Ng2 Kf7) 43. Nf5 $11 Bc5 44. Nh4+ (44. h4 $11) 44... Kg5 $15 45. Nf5 hxg4+ 46. hxg4 g6 47. Ng3 {[#] Black must now prevent Ne4+.} Kh4 (47... Bd4 $15) 48. Ne4 $11 Bd4 49. Ng3 ({White should try} 49. Nd6 $1 $11) 49... Kh3 (49... Bb2 $15) 50. Ne4 $1 {The position is equal.} Be5 51. Nf2+ Kh2 52. Ne4 f5 53. gxf5 gxf5 54. Nf2 Bd6 55. Ng4+ fxg4+ 56. Kxg4 {Accuracy: White = 67%, Black = 58%.} 1/2-1/2

[Event "Prague Festival Open 2019"]
[Site "Prague"]
[Date "2019.03.15"]
[Round "8.3"]
[White "Stachowiak, Kamil"]
[Black "Zubov, Alexander"]
[Result "1/2-1/2"]
[WhiteElo "2433"]
[BlackElo "2605"]
[Annotator "TA"]
[PlyCount "52"]
[EventDate "2019.02.28"]
[EventType "tourn"]
[EventCountry "CZE"]
[SourceTitle "playchess.com"]
[Source "ChessBase"]
[SourceQuality "1"]

{[%evp 10,52,0,0,-11,-20,-14,-15,-16,-33,0,-32,-33,-32,-23,-28,-8,-10,-16,-33,-24,-31,-15,-15,-15,-24,-11,-27,-37,-43,0,-9,-25,-25,-17,-32,0,0,0,0,0,0,0,0,0]} 1. Nf3 d5 2. g3 g6 3. Bg2 Bg7 4. O-O e5 5. d3 Ne7 6. Nbd2 Nbc6 {A07: Réti Opening: New York and Capablanca Systems} 7. c4 (7. e4 O-O 8. exd5 Nxd5 9. Re1 Re8 10. a3 Bf5 11. Ne4 b6 12. Bg5 f6 13. c4 Bxe4 14. Rxe4 Nde7 15. Bc1 Qd7 16. Re1 Rad8 17. Bf1 {0-1 (29) Mamedyarov,S (2801)-Giri,A (2782) chess.com INT 2018}) 7... a5 $146 ({Predecessor:} 7... d4 8. a3 a5 9. b3 h6 10. Rb1 O-O 11. b4 axb4 12. axb4 Be6 13. b5 Na5 14. Ba3 {1-0 (28) Djukic,N (2574)-Nestorovic,N (2460) Skopje 2018}) 8. cxd5 Nxd5 9. Nc4 h6 10. Bd2 O-O 11. Rc1 Re8 12. a3 Ra6 13. Re1 Be6 14. Qa4 Qb8 {[#] Strongly threatening ...b5.} 15. Qc2 ({Not} 15. Bxa5 $2 Nb6 $19) ({Don't blunder} 15. Nxa5 $2 Nxa5 16. Bxa5 b5 $19) 15... a4 16. e4 Nb6 17. Nxb6 cxb6 18. Be3 Rd8 19. h3 Qc8 20. Kh2 Qd7 21. Bf1 b5 22. Qc5 Bf8 23. Qxb5 {The position is equal.} Ra5 24. Qb6 {[#] Threatens to win with Rxc6!} Ra6 25. Qb5 Ra5 26. Qb6 Ra6 {Accuracy: White = 39%, Black = 56%.} 1/2-1/2

[Event "Prague Festival Open 2019"]
[Site "Prague"]
[Date "2019.03.15"]
[Round "8.4"]
[White "Bernadskiy, Vitaliy"]
[Black "Bakhmatsky, Vladislav"]
[Result "0-1"]
[WhiteElo "2581"]
[BlackElo "2419"]
[Annotator "TA"]
[PlyCount "80"]
[EventDate "2019.02.28"]
[EventType "tourn"]
[EventCountry "CZE"]
[SourceTitle "playchess.com"]
[Source "ChessBase"]
[SourceQuality "1"]

{[%evp 9,80,-10,39,9,36,25,41,23,39,45,40,31,42,58,45,39,67,38,49,44,86,13,18,10,30,-46,-28,-37,-52,-30,-44,-81,-70,-70,-68,-70,-70,-102,-82,-77,-74,-76,-74,-108,-106,-99,-109,-106,-100,-100,-102,-89,-89,-94,-2,-10,0,0,0,-49,-42,-429,-410,-533,-525,-818,-798,-787,-779,-784,-784,-763,-762]} 1. d4 Nf6 2. Bg5 d5 3. Nd2 c5 4. dxc5 e6 5. e4 Nc6 $146 ({Predecessor:} 5... Bxc5 6. Qe2 dxe4 7. O-O-O Qa5 8. Nb3 Qc7 9. Bxf6 gxf6 10. Qb5+ Nd7 11. Rxd7 Bxd7 12. Qxc5 Qxc5 13. Nxc5 {½-½ (30) Andreikin,D (2719)-Karjakin,S (2753) St Petersburg 2018}) 6. Nb3 {D00: 1 d4 d5: Unusual lines} dxe4 7. Qxd8+ Nxd8 8. Ne2 {White is slightly better.} Nd5 9. O-O-O f6 10. Bd2 Bd7 11. Ng3 f5 12. Bc4 Bc6 13. Rhe1 Be7 14. Kb1 Rf8 15. f3 ({Better is} 15. Ne2 $16) 15... e3 $11 16. Bc1 ({Reject} 16. Bxe3 Nxe3 17. Rxe3 f4 $17) 16... Rc8 17. Nh5 ({And not} 17. Bxe3 Nxe3 18. Rxe3 f4 $17) (17. Nd4 $11) 17... g6 $15 18. Ng7+ Kf7 19. Nxe6 $1 {[%mdl 64] [#] Remove Defender} Nxe6 20. Bxd5 Bxd5 21. Rxd5 f4 $1 $36 {[%mdl 2048] Black has some pressure.} 22. Rd7 Rc7 23. Rd5 Nxc5 24. Nd4 Rd7 25. Rxd7 Nxd7 26. g3 {[#]} g5 $1 27. Ne2 Bd6 28. Rd1 Ke6 29. b3 Be5 30. Ba3 Rf7 {...g4! is the strong threat.} 31. gxf4 Bxf4 (31... gxf4 $17 32. Bb2 b6) 32. h4 $1 $11 Be5 33. hxg5 Rxf3 34. Bc1 Nc5 {White must now prevent ...Ne4.} ({Much weaker is} 34... Rf2 35. Re1 $11) 35. Rd8 $2 {[%mdl 8192]} ({White should play} 35. c4 $1 $15) 35... Ne4 $19 36. Re8+ Kf5 {Hoping for ...Nd2+.Black is clearly winning.} 37. Rf8+ Kg4 {( -> ...Nd2+)} 38. Rd8 Nc3+ 39. Nxc3 Bxc3 40. Re8 Bd2 {Accuracy: White = 49%, Black = 63%.} 0-1

[Event "Prague Festival Open 2019"]
[Site "Prague"]
[Date "2019.03.15"]
[Round "8.5"]
[White "Kriebel, Tadeas"]
[Black "Vorobiov, Evgeny E."]
[Result "1/2-1/2"]
[WhiteElo "2507"]
[BlackElo "2566"]
[Annotator "TA"]
[PlyCount "54"]
[EventDate "2019.02.28"]
[EventType "tourn"]
[EventCountry "CZE"]
[SourceTitle "playchess.com"]
[Source "ChessBase"]
[SourceQuality "1"]

{[%evp 24,54,8,0,0,0,0,-12,-8,0,0,-17,0,0,0,-12,-12,-12,-7,-18,0,-29,-16,-20,0,0,0,0,0,0,0,0,0]} 1. e4 c5 2. Nf3 e6 3. d4 cxd4 4. Nxd4 a6 5. Nc3 b5 6. Bd3 Bb7 7. O-O Nc6 8. Nxc6 Bxc6 9. Qe2 {B43: Sicilian: Kan Variation: 5 Nc3} (9. Re1 Nf6 10. e5 b4 11. exf6 bxc3 12. fxg7 Bxg7 13. b3 Qh4 14. g3 Qd4 15. Qh5 Qd5 16. Qxd5 Bxd5 {1-0 (44) Guseinov,G (2667)-Romanov,E (2614) Hoogeveen 2018}) 9... Bc5 10. a4 b4 11. Nd5 Ne7 12. Be3 Bxe3 13. Nxe3 {LiveBook: 4 Games} O-O 14. f4 Qb6 $146 ({Predecessor:} 14... f5 15. exf5 Nxf5 16. Nxf5 exf5 {½-½ (25) Fercec,N (2491)-Paljusaj,E (2316) Rijeka 2010}) 15. Kh1 Qd4 16. Nc4 d5 17. Na5 Bd7 18. exd5 Nxd5 19. Qe4 Qxe4 20. Bxe4 Rac8 21. Rfd1 Rc7 22. Bxd5 exd5 23. Rxd5 {The position is equal.} Rfc8 24. Rad1 Bxa4 25. b3 Be8 26. Nc4 Kf8 27. Kg1 f6 {Precision: White = 63%, Black = 59%.} 1/2-1/2

[Event "Prague Festival Open 2019"]
[Site "Prague"]
[Date "2019.03.15"]
[Round "8.6"]
[White "Nguyen, Piotr"]
[Black "Gasanov, Eldar"]
[Result "0-1"]
[WhiteElo "2419"]
[BlackElo "2500"]
[Annotator "TA"]
[PlyCount "108"]
[EventDate "2019.02.28"]
[EventType "tourn"]
[EventCountry "CZE"]
[SourceTitle "playchess.com"]
[Source "ChessBase"]
[SourceQuality "1"]

{[%evp 9,108,-11,-11,-10,0,0,-9,-37,14,-16,-20,-13,0,0,0,0,0,0,0,0,0,0,0,0,0,-3,24,0,14,0,7,8,9,16,10,16,23,14,14,11,214,216,202,182,175,145,375,353,378,364,334,304,272,150,160,4,4,25,12,8,136,31,26,-185,190,-185,-185,-251,-245,-207,-249,-242,-194,-194,-186,-178,-159,-291,-286,-278,-276,-371,-362,-362,-362,-518,-518,-29975,-29976,-29976,-29977,-29976,-29978,-29978,-29979,-29979,-29980,-29981,-29982,-29982,-29983]} 1. f4 d5 2. Nf3 Nf6 3. g3 e6 4. Bg2 Be7 5. O-O b5 6. d3 {A03: Bird's Opening with 1...d5} Bb7 7. e4 $146 ({Predecessor:} 7. Qe1 c5 8. c3 O-O 9. a4 b4 10. cxb4 cxb4 11. Kh1 Nc6 12. Be3 Nd7 {1-0 (44) Carlsen,M (2832)-Kramnik,V (2808) Leuven 2017}) 7... dxe4 8. Nfd2 {The position is equal.} c5 ({Better is} 8... h5 $15) 9. Nc3 {[%cal Rd2e4]} Qb6 {Black wants to play ...exd3.} 10. Ndxe4 c4+ 11. Kh1 Nxe4 12. Nxe4 O-O 13. dxc4 bxc4 14. Qe2 Nd7 15. Be3 Qc7 16. Bd4 Rad8 17. Rae1 g6 18. c3 Rfe8 19. g4 Bh4 20. Rd1 e5 21. fxe5 Nxe5 22. g5 {Strongly threatening Nf6+.} Bxe4 $1 23. Qxe4 Bxg5 24. Rde1 $1 {[%cal Rd4e5]} f6 $2 (24... Qc8 $1 $11) 25. h4 $1 $18 {[%cal Rh4g5]} Bh6 26. Rxf6 Bg7 27. Ra6 (27. Bxe5 Rxe5 28. Qxe5 Qxe5 $11) 27... Re7 $2 (27... Qb8 $16 28. Qb7 (28. Rxa7 Nf7 $11) 28... Nf7 29. Rxe8+ Rxe8 30. Qxb8 (30. Rxa7 Re1+ 31. Bg1 Qf4 $17) 30... Rxb8) 28. Rxa7 Qxa7 29. Bxa7 Rxa7 30. Qf4 Rf7 31. Qg3 (31. Qe3 $18) 31... Rd3 $16 32. Qg5 $2 ({White should play} 32. Qh2 $1 $16) 32... h6 $132 {[%mdl 2048] Black is fighting back} 33. Qc1 {Hoping for Be4.} Rf2 34. Rf1 Ng4 (34... Re2 $11 {keeps the balance.}) 35. a4 (35. Qe1 $1 $16 {[%cal Re1e6]} Re3 36. Qd1) 35... Rdd2 $14 36. Be4 $2 (36. Bf3 $11 {and White stays safe.} Rh2+ 37. Kg1) 36... Rxf1+ $1 $19 37. Qxf1 Rd1 $1 {[%cal Rd1f1][%mdl 64] Deflection, Decoy} 38. Qxd1 (38. Bd5+ $142 Kh7 39. Bxc4 (39. Bg8+ Kxg8 40. Qg1 Nf2+ 41. Kh2 Rxg1 $19)) 38... Nf2+ {[%mdl 64] Double Attack} 39. Kg2 {White wants to mate with Qd5+.} Nxd1 40. a5 {a6 is the strong threat.} Bf8 ({Not} 40... Nxb2 41. a6 $11) 41. Bxg6 Nxb2 42. Kf3 Kg7 43. Be8 (43. Bf5 $17) 43... Kf6 44. Ke4 {[#]} Ke6 $1 45. Kd4 {Threatening a6.} Bg7+ 46. Kc5 {Threatens to win with a6.} Bxc3 47. Bb5 (47. a6 $142 Ke5 48. Bg6) 47... Ke5 48. Bxc4 (48. h5 $19) 48... Bd4+ {Black mates.} 49. Kb4 Nxc4 50. Kxc4 {[#]} h5 $1 51. Kd3 Ba7 52. Ke2 Kf4 53. Kf1 Kg3 54. a6 Bb6 {Accuracy: White = 44%, Black = 70%.} 0-1

[Event "Prague Festival Open 2019"]
[Site "Prague"]
[Date "2019.03.16"]
[Round "9.1"]
[White "Vorobiov, Evgeny E."]
[Black "Stefansson, Hannes"]
[Result "1/2-1/2"]
[WhiteElo "2566"]
[BlackElo "2523"]
[Annotator "TA"]
[PlyCount "79"]
[EventDate "2019.02.28"]
[EventType "tourn"]
[EventCountry "CZE"]
[SourceTitle "playchess.com"]
[Source "ChessBase"]
[SourceQuality "1"]

{[%evp 9,79,13,19,11,8,9,21,17,14,10,10,12,8,0,-10,0,12,9,11,-6,6,0,10,4,0,0,18,14,21,8,24,10,29,29,25,3,3,0,18,17,26,0,0,0,0,0,0,0,0,0,0,0,0,0,0,-55,0,-3,0,-8,-16,-181,0,0,0,-189,0,-43,-9,-8,-15,-33]} 1. e4 e5 2. Nf3 Nc6 3. Nc3 Nf6 4. Bb5 Nd4 5. Bc4 d6 6. Nxd4 {C48: Four Knights: 4 Bb5, replies other than 4...Bb4} exd4 7. Nd5 Nd7 8. O-O g6 9. c3 Bg7 10. cxd4 Bxd4 11. d3 c6 12. Nc3 O-O 13. Bh6 Re8 {[#]} 14. Ne2 $146 (14. Be3 {keeps more tension.} Bg7 15. d4 b5 16. Bd3 a6 17. Qd2) ({Predecessor:} 14. Qd2 b5 15. Bb3 Nc5 16. Be3 Bxe3 17. Qxe3 b4 18. Ne2 Qb6 19. Bc2 {½-½ (19) Rublevsky,S (2697)-Inarkiev,E (2649) Moscow 2010}) 14... Bg7 (14... Bf6 {with more complications.} 15. Be3 Nc5 16. Nd4 d5 17. exd5 cxd5 18. Bb5 Bd7) 15. Bxg7 Kxg7 16. Qd2 Nf6 17. Rfe1 Be6 18. Bxe6 fxe6 19. Ng3 e5 20. d4 Qe7 21. Rad1 Rad8 22. h3 c5 23. d5 Rf8 24. b4 Rc8 25. a4 cxb4 26. Qxb4 Rc5 27. Rc1 Rfc8 28. Rxc5 Rxc5 29. a5 a6 30. Rb1 Rb5 31. Qe1 Qc7 32. Rc1 ({Better is} 32. Ra1 $11) 32... Qd8 ({Black should try} 32... Qxa5 $15 33. Qxa5 Rxa5) 33. Ra1 Nd7 34. Ra3 Nc5 35. Rf3 $2 {[#]} (35. Nf1 $11) 35... Nb3 $2 (35... Rxa5 $19 {Hoping for ...Ra4.} 36. Nf1 Ra4) 36. Rc3 $11 Nc5 ({Wrong is} 36... Qxa5 $2 37. Qe3 $18) 37. Qd2 $2 (37. Rf3 $11 {and White is okay.}) 37... Rb3 $2 ({But not} 37... Qxa5 $2 {[#]} 38. Nh5+ $1 {[%mdl 512]} Kf8 39. Rf3+ Ke8 40. Qh6 $18) (37... Rxa5 $19 38. Qe2 Qf6) 38. Qc2 Rxc3 39. Qxc3 b5 40. axb6 $1 {Accuracy: White = 52%, Black = 66%.} 1/2-1/2

[Event "Prague Festival Open 2019"]
[Site "Prague"]
[Date "2019.03.16"]
[Round "9.2"]
[White "Stany, G.A."]
[Black "Bakhmatsky, Vladislav"]
[Result "1/2-1/2"]
[WhiteElo "2507"]
[BlackElo "2419"]
[Annotator "TA"]
[PlyCount "73"]
[EventDate "2019.02.28"]
[EventType "tourn"]
[EventCountry "CZE"]
[SourceTitle "playchess.com"]
[Source "ChessBase"]
[SourceQuality "1"]

{[%evp 17,73,8,20,20,19,19,26,13,31,19,39,10,17,13,20,-15,56,37,46,-15,32,0,19,-69,-53,-106,-110,-155,-141,-124,-117,-241,-236,-233,-217,-187,-232,-208,-233,-179,-44,-208,-252,-270,-22,-24,-24,-21,-12,-31,-25,-24,-38,-50,-62,-64,0,0]} 1. e4 c5 2. Nf3 d6 3. d4 cxd4 4. Nxd4 Nf6 5. Nc3 a6 6. Be3 e5 7. Nb3 Be6 8. f3 h5 9. Qd2 Nbd7 10. Nd5 {B90: Sicilian Najdorf: Unusual White 6th moves, 6 Be3 Ng4 and 6 Be3 e5} Bxd5 11. exd5 g6 12. Be2 {White has an edge.} (12. O-O-O Bg7 13. Kb1 Qc7 14. Be2 a5 15. a4 O-O 16. g4 Rfc8 17. Bb5 hxg4 18. fxg4 Nxg4 {0-1 (75) Robson,R (2667)-Saric,I (2690) chess.com INT 2019}) 12... Bg7 13. O-O b6 14. c4 O-O 15. h3 Re8 {[#]} 16. g4 $146 ({Predecessor:} 16. Rad1 Nc5 17. Nxc5 bxc5 {½-½ (30) Edwards,J (2518)-Finocchiaro,F (2589) ICCF email 2016}) 16... Qc8 (16... hxg4 $11 17. hxg4 a5) 17. Kh2 a5 {[%cal Ba6a5,Ba5a4][%mdl 32]} 18. Rad1 (18. g5 $14 Nh7 19. Qc2) 18... Nc5 19. Rg1 a4 20. Na1 (20. Nxc5 $11 bxc5 21. g5) 20... hxg4 21. hxg4 (21. fxg4 $15 e4 22. Nc2) 21... e4 $17 22. f4 Nd3 $1 23. g5 Nd7 $1 24. Bxd3 (24. Bg4 $17 {was necessary.}) 24... exd3 $19 25. Qxd3 Nc5 26. Qd2 Ne4 27. Qd3 Bxb2 28. Rg2 {[#]} Bg7 ({Better is} 28... a3 $1 $19 {Hoping for ...Nc3.} 29. Nb3 Ra4) 29. Bxb6 $2 {[#]} (29. Nc2 $15) 29... Rb8 $1 {[%cal Rb8b6]} 30. Be3 Nc5 $2 (30... Rb4 $19 31. Rc1 Nc5 32. Bxc5 Qxc5) 31. Bxc5 $1 $11 Qxc5 32. Nc2 Rbc8 33. Kg3 $1 Qxc4 34. Qxc4 Rxc4 35. Rd3 Ree4 36. Rf2 Rc5 (36... f5 $15) 37. Kf3 {Accuracy: White = 29%, Black = 45%.} 1/2-1/2

[Event "Prague Festival Open 2019"]
[Site "Prague"]
[Date "2019.03.16"]
[Round "9.3"]
[White "Kashlinskaya, Alina"]
[Black "Sedlak, Nikola"]
[Result "1/2-1/2"]
[WhiteElo "2470"]
[BlackElo "2605"]
[Annotator "TA"]
[PlyCount "142"]
[EventDate "2019.02.28"]
[EventType "tourn"]
[EventCountry "CZE"]
[SourceTitle "playchess.com"]
[Source "ChessBase"]
[SourceQuality "1"]

{[%evp 9,142,14,26,23,22,24,34,0,15,14,29,39,38,40,41,35,89,62,96,20,37,19,27,39,44,0,2,-110,-110,-106,-112,-144,-81,-52,-32,-37,-38,-30,-25,-26,-36,-68,-15,-18,-4,-6,-8,-7,145,172,175,91,91,79,91,31,112,-14,-14,-21,0,0,0,0,0,-38,-33,-49,-52,-31,-31,-31,-34,-34,-30,-48,-49,-46,-46,-50,-52,-56,-46,-46,-26,-26,-26,-26,-26,-35,-35,-35,-35,-35,-35,-63,-44,-75,-87,-1335,-1309,-1295,-8,-8,-8,-8,-8,-8,-8,-8,-8,-8,-8,-8,0,0,0,-8,-8,-8,-8,-8,0,0,0,0,0,0,0,-8,-8,-8,-8,-8,-8]} 1. d4 e6 2. c4 Bb4+ 3. Bd2 a5 4. e4 d5 5. a3 (5. cxd5 exd5 6. e5 c5 7. Bxb4 axb4 8. dxc5 Nc6 9. Nf3 Nge7 10. Nbd2 Ng6 11. Bb5 O-O 12. Bxc6 bxc6 {0-1 (35) Leniart,A (2489)-Bernadskiy,V (2586) Suwalki 2018}) 5... Bxd2+ 6. Nxd2 {A40: Unusual replies to 1 d4} Ne7 7. Ngf3 O-O 8. Bd3 $146 {White is slightly better.} ({Predecessor:} 8. Be2 c5 9. dxc5 Nd7 10. cxd5 exd5 11. Rc1 Ng6 12. O-O Nf4 {0-1 (54) Albrecht,O (2157)-Goossens,E (2181) Germany 2011}) 8... dxe4 9. Nxe4 Nbc6 (9... e5 $5) 10. Ng3 Nf5 11. d5 Nce7 12. Qc2 Qd7 (12... g6 $14) 13. O-O-O exd5 14. Bxf5 (14. Rhe1 $1 $16) 14... Nxf5 $11 15. Rxd5 {[%mdl 64] Double Attack} Nd6 {[%cal Bf5d6,Bd6e8,Be8f6,Bf6d7][%mdl 32]} 16. c5 Qc6 17. Rh5 {[%csl Gh5][%cal Rc2h7]} g6 18. Nd4 (18. Re5 $11 {remains equal.} Nf5 19. Rhe1) 18... Qxg2 $17 19. Rg5 Ne8 $1 20. Re1 h6 (20... Ng7 $142 $1 21. Ne4 Qxh2) 21. Rge5 Bh3 22. Qd2 Nf6 23. Qf4 Nd7 24. R5e3 Qd5 25. Ne4 Qxd4 (25... Bg2 $1 $15 26. Nc3 Qc4) 26. Rxh3 $11 {Hoping for Rd1.} Rfe8 27. Qxh6 Qg7 28. Qd2 Rad8 $2 (28... Nf6 $11 29. Ng5 Rxe1+ 30. Qxe1 Nd7) 29. Rd3 $1 $16 {[%cal Rd3d7]} ({Of course not} 29. Qxa5 $6 Qd4 $11) 29... Re7 30. Nc3 ({Reject} 30. Qxa5 $6 Rde8 $11) (30. f3 $1 $18) 30... Rxe1+ 31. Qxe1 Qh6+ {[#]} 32. Kb1 (32. Kc2 $1 $16 Qf8 33. Qd2) 32... Qg5 ({Better is} 32... Qf8 $14) 33. Ne4 ({White should try} 33. Rd5 $16 Qf6 34. Qd2) 33... Qe7 $11 34. Qe3 f5 35. Nc3 Qxe3 36. fxe3 {[%mdl 4096] Endgame KRN-KRN} Kf7 37. Nb5 Ke7 38. Nxc7 Nxc5 39. Rxd8 Kxd8 $15 {KN-KN} 40. Nd5 g5 41. Kc2 Kd7 42. Nc3 Ke6 43. b4 axb4 44. axb4 Nd7 45. Kd3 Ne5+ 46. Ke2 Nc6 47. b5 Ne5 48. h3 Kd6 49. Kf2 Kc5 50. Ne2 Kxb5 51. Nd4+ Ka4 52. Nxf5 b5 {[%cal Bb7b5,Bb5b4,Bb4b3][%mdl 32] ...b4 is the strong threat.} 53. Nd4 b4 {aiming for ...b3.} 54. Ke2 $2 {[%mdl 8192]} (54. e4 $17) 54... b3 $19 55. Kd2 {[#]} Ka3 $2 (55... Nc4+ $1 $19 56. Kc1 Ka3 57. Nb5+ Ka2 58. Nc3+ Ka1) 56. Kc3 $11 {The position is equal.} b2 57. Nc2+ $1 Ka2 58. Nb4+ Ka1 59. Nc2+ Kb1 60. Nb4 Kc1 61. Na2+ Kb1 62. Nb4 Kc1 63. Na2+ Kd1 ({Resist} 63... Kb1 64. Nb4 $17) 64. Kxb2 Kd2 65. e4 Nd3+ 66. Kb3 Nc5+ 67. Kc4 Nxe4 68. Kd4 Nf2 69. Nc3 Nxh3 {Strongly threatening ...g4.} 70. Ne4+ Ke2 {White must now prevent ...g4.} 71. Nxg5 Nxg5 {Accuracy: White = 52%, Black = 56%.} 1/2-1/2

[Event "Prague Festival Open 2019"]
[Site "Prague"]
[Date "2019.03.16"]
[Round "9.4"]
[White "Zubov, Alexander"]
[Black "Rasik, Vitezslav"]
[Result "1-0"]
[WhiteElo "2605"]
[BlackElo "2463"]
[Annotator "TA"]
[PlyCount "77"]
[EventDate "2019.02.28"]
[EventType "tourn"]
[EventCountry "CZE"]
[SourceTitle "playchess.com"]
[Source "ChessBase"]
[SourceQuality "1"]

{[%evp 10,77,38,44,51,9,10,20,23,18,15,29,20,30,29,22,40,36,41,0,16,6,33,33,14,20,39,15,44,54,45,39,43,29,31,29,29,35,27,25,25,17,44,37,72,59,59,59,59,59,59,59,59,59,58,54,82,74,137,133,105,0,0,0,114,126,551,550,520,513]} 1. d4 d6 2. e4 g6 3. Nf3 Nf6 4. Bd3 Bg7 5. O-O O-O 6. Re1 Nc6 {B07: Pirc Defence: Miscellaneous Systems} 7. d5 Nb4 8. Bf1 Bg4 {The position is equal.} 9. Nbd2 a5 10. h3 Bd7 11. c3 Na6 12. Nc4 e6 13. dxe6 $1 Bxe6 {[#]} 14. Bg5 $146 ({Predecessor:} 14. e5 dxe5 15. Ncxe5 Qxd1 16. Rxd1 {½-½ (25) Aronian,L (2528)-Ponomariov,R (2673) Ohrid 2001}) 14... Nc5 15. Ncd2 h6 16. Bh4 Re8 17. Nd4 Bd7 18. f3 g5 19. Bf2 d5 {[%cal Rd5e4]} 20. exd5 Rxe1 21. Qxe1 Nxd5 22. Ne4 Nxe4 23. Qxe4 c6 24. Nf5 Bxf5 25. Qxf5 Qf6 26. Qd7 b5 27. Re1 Rd8 28. Re8+ Rxe8 29. Qxe8+ Bf8 30. c4 bxc4 31. Bc5 Ne7 $1 32. Bxc4 Qf4 33. b3 $36 {[%mdl 2048] White is on the roll.} Qc1+ (33... Qf6 $142) 34. Kh2 $16 Qf4+ {[#]} 35. Kg1 (35. Kh1 $1 $16 Ng6 36. Bd4) 35... Qc1+ $1 $11 36. Kh2 (36. Kf2 $11 Qf4 37. Qd8) 36... Qf4+ $16 {[#]} 37. Kh1 $1 Kg7 $2 {[%mdl 8192] [#]} (37... Qf6 $16 38. a4 Ng6) 38. Bd6 $1 $18 {[%cal Rd6f4][%mdl 512]} Qf5 (38... Qxd6 39. Qxf7+) 39. Bxe7 {Accuracy: White = 81%, Black = 57%.} 1-0

[Event "Prague Festival Open 2019"]
[Site "Prague"]
[Date "2019.03.16"]
[Round "9.5"]
[White "Cernousek, Lukas"]
[Black "Demuth, Adrien"]
[Result "1/2-1/2"]
[WhiteElo "2429"]
[BlackElo "2510"]
[Annotator "TA"]
[PlyCount "75"]
[EventDate "2019.02.28"]
[EventType "tourn"]
[EventCountry "CZE"]
[SourceTitle "playchess.com"]
[Source "ChessBase"]
[SourceQuality "1"]

{[%evp 9,75,27,60,75,56,45,48,37,46,34,52,34,53,42,36,40,45,31,40,23,43,17,12,0,24,0,10,12,23,16,13,13,27,33,24,25,22,9,30,11,24,11,51,51,58,53,61,57,54,41,106,98,225,237,1173,241,233,87,102,8,6,12,8,0,0,0,12,0]} 1. d4 Nf6 2. c4 c5 3. d5 b5 4. cxb5 a6 5. bxa6 g6 6. Nc3 {A58: Benko/Volga Gambit: Lines with 5 bxa6} Bg7 7. a7 (7. e4 O-O 8. e5 Ne8 9. h4 Bxe5 10. Bh6 Bxa6 11. h5 Ng7 12. Nf3 Bxc3+ 13. bxc3 Bxf1 14. Kxf1 {1-0 (22) So,W (2780)-Duda,J (2737) chess.com INT 2018}) 7... Rxa7 8. e4 {[%cal Be2e4,Be4d5][%mdl 32] White is slightly better.} O-O 9. Nf3 e6 10. Be2 exd5 11. exd5 d6 12. O-O Na6 {[%cal Bb8a6,Ba6c7,Bc7b5,Bb5c3][%mdl 32]} 13. Bb5 Nc7 14. Bc6 $146 Bb7 15. Bxb7 Rxb7 16. Qd3 Qd7 17. Rb1 Ra8 18. h3 Nb5 19. Bf4 Nxc3 20. bxc3 Rxa2 21. Rxb7 Qxb7 22. Rb1 Qc7 23. Qb5 {[#] Hoping for Qc6.} Ra8 24. c4 Ne4 {And now ...Nc3 would win.} 25. Qc6 $36 {[%mdl 2048] White has good play.} Qd8 26. Ng5 $1 {[%cal Rg5e4]} Nxg5 27. Bxg5 f6 28. Bf4 Bf8 29. Rb7 {aiming for Rd7.} Qc8 (29... g5 $14 30. Bd2 Rb8) 30. Rd7 $16 Qb8 31. Kh2 (31. Bxd6 $6 Bxd6 32. Rxd6 (32. Qxd6 Qxd6 33. Rxd6 Ra4 $16) 32... Ra1+ 33. Kh2 Kg7 $16) 31... Ra1 $2 (31... Kh8 32. Rf7 (32. Bxd6 Bxd6+ 33. Rxd6 Ra2 $16) 32... Qe8) 32. Rb7 $2 ({Weaker is} 32. Bxd6 Bxd6+ 33. Rxd6 (33. Qxd6 Qxd6+ 34. Rxd6 Rc1 $16) 33... Kg7 $16) (32. Rc7) 32... Qd8 $18 {[#]} 33. Qb5 (33. Rc7 $1 $18 {[%cal Rc7c8] is more deadly. Strongly threatening Rc8.} Ra8 34. Rd7) 33... Ra8 $16 34. Rd7 (34. Qb2 $16) 34... Qe8 $11 {The position is equal.} 35. Qb7 Rb8 36. Qc7 Rc8 37. Qb7 Rb8 38. Qc7 {Accuracy: White = 52%, Black = 59%.} 1/2-1/2